000 00847cam a2200313 a 4500
999 _c9697
_d9697
001 9697
003 BD-JhCC
005 20180325194445.0
008 180322s2002 ii a 000 0 eng
020 _a9840516191
020 _a9847022000349
020 _a9847022000349
035 _a(DLC) 2002301110
_a(BD-JhCC)9697
040 _aDLC
_cDLC
_dBD-JhCC
041 _aeng
050 0 0 _aDS393.5
_b.S443 2002
082 _bSEN 2002
_a954.92
100 1 _aSen, Sudeep.
245 1 0 _aPostcards from Bangladesh /
_cSudeep Sen, Tanvir, Kelley Lynch.
246 3 0 _aBangladesh
250 _a1st ed.
260 _aDhaka :
_bUniversity Press,
_c2002.
300 _a303 p. :
_bcol. ill. ;
_c27 cm.
651 0 _aBangladesh
_vPictorial works.
700 0 _aTanvir,
_d1968-
700 1 _aLynch, Kelley,
_d1965-
942 _2ddc
_cREF